Регионална библиотека "Любен Каравелов" - Русе

Към онази, която стои в тъмното, очаквайки ме (Запис номер 445087)

MARC детайли
000 -Лидер
Контролно поле с фиксирана дължина 01284nam a2200289 a 4500
003 - Код на организацията, давaща контролен номер
Контролно поле BLK
005 - Дата и час на последна редакция
Контролно поле 20240426114013.0
008 - Елементи от данни с фиксирана дължина
fixed length control field 180411b bul|||||r ||||||| ||bul||
020 ## - Международен стандартен номер на книга ISBN
Международен стандартен номер на книга ISBN 9786190209102
040 ## - Източник на каталожния запис
Идентификатор на билиотеката - собственик на записа BLK
041 ## - Код за език
Код за езика на текст/звукозапис или на отделно заглавие Български
Код за езика КДБФ Български
080 ## - УДК
Текстов определител УДК Португалска литература
УДК код - определител по УДК 821.134.3
УДК определител -31
УДК - код + определител 821.134.3-31
100 1# - Редна дума - Автор
Автор Антунеш, Антонио Лобо
Авторска отговорност първи автор
R(LIN) 32925
139 ## - Редно поле
Редна дума Антунеш, Антонио Лобо
Авторски знак Анто - А 75
245 10 - Сведения за заглавието
Заглавие Към онази, която стои в тъмното, очаквайки ме
Подзаглавни данни [Роман]
Редно поле (дума) Антонио Лобо Антунеш; прев. от португ. Здравка Найденова.
257 ## - Страна на издаване
Страна на създаване/издаване Португалия
260 ## - Област на издателските данни
Място на издаване, разпространение и проч. София
Име на издателя, разпространителя и проч. Колибри
Година на издаване 2021
Печатница София : Инвестпрес
9 (RLIN) 209486
Издателство - префикс ISBN 978-619-02- ; 978-619-150- ; 978-954-150- ; 978-954-529-
300 ## - Физическа характеристика
Страници 383 с.
Размери/Мащаб 21 см
380 ## - Жанр
Жанр Худож. лит.
500 ## - Общи забележки
Забележка Ориг. загл.: Para aquela que esta sentada no escuro a minha espera / Antonio Lobo Antunes.
659 ## - Тематичен бюлетин
Тематичен бюлетин Н
700 ## - Други автори (авторска отговорност)
Лично име Найденова, Здравка
Автороска отговорност (Описва отношението между автора и произведението) прев. от португ.
9 (RLIN) 1116
852 ## - Местоположение
Форматна сигнатура Цб 312388
999 ## - СИСТЕМНИ КОНТРОЛНИ НОМЕРА
Koha biblionumber 445087
Koha biblioitemnumber 445087
942 ## - АРТИКУЛИ
Вид на библиотечния материал Книги
Скрит в OPAC Не
Периодичен библиозапис Да
Koha issues (borrowed), all copies 20
944 ## - СЪЗДАВАНЕ И РЕДАКЦИЯ на ЗАПИСА
Създаване/Редакция Създаване
Дата на регистрацията/редакция 2022-02-16
Служител, извършил регистрацията/редакцията 30531
Статус, дата на статуса Цветелина Шанова
999 ## - СИСТЕМНИ КОНТРОЛНИ НОМЕРА
Koha biblioitemnumber 445087
Наличности
Код за отписване Код за изгубен артикул Източник на класификационната схема Код за повреда Коз за рестрикции Код за отдаване Артикулен № Име на библиотеката - собственик Име на библиотеката, в която се намира в момента Статус (Текущо местоположение) Дата на вписване в системата Местоположение - отдел Цена в лева Систематично азбучна сигнатура Баркод Цена в евро Служебен тип на артикула
  Не е изгубен Universal Decimal Classification Не е повреден без рестрикции заемане за дома 872450 Регионална библиотека "Любен Каравелов" Русе Регионална библиотека "Любен Каравелов" Русе Заемна - подръчен фонд 2022-02-17 Заемна - подръчен фонд 12.60 821-31/А 75 А 120000866134 6.44 Книги
  Не е изгубен Universal Decimal Classification Не е повреден без рестрикции заемане за дома 872451 Регионална библиотека "Любен Каравелов" Русе Регионална библиотека "Любен Каравелов" Русе Заемна - подръчен фонд 2022-02-17 Заемна - подръчен фонд 12.60 821-31/А 75 А 120000866135 6.44 Книги
  Не е изгубен Universal Decimal Classification Не е повреден само за читалня ползва се в читалня 883837 Регионална библиотека "Любен Каравелов" Русе Регионална библиотека "Любен Каравелов" Русе Хранилище 2022-05-12 Хранилище 18.00 Цб 312388 120000871878 9.20 Книги
Vip Innovations Ltd, Rousse, Bulgaria 2025